Instructor's manual to accompany both, foundations of social research and conducting social research

Αποθηκεύτηκε σε:
Λεπτομέρειες βιβλιογραφικής εγγραφής
Κύριος συγγραφέας: Lin, Nan
Άλλοι συγγραφείς: Burt, Ronald S., Vaughn, John C.
Μορφή: Βιβλίο
Γλώσσα:English
Δημοσίευση: New York : McGraw Hill, c1976
Θέματα:
Ετικέτες: Προσθήκη ετικέτας
Δεν υπάρχουν, Καταχωρήστε ετικέτα πρώτοι!

MARC

LEADER 00000cam a2200000 i 4500
001 1/10308
008 000831s1976 eng d
020 |a 0-07-037873-8 
035 |l 10063389 
040 |a GR-MY-UA  |b gre  |e aacr 
041 0 |a eng 
082 0 |a 301.01 
100 1 |a Lin, Nan. 
245 1 0 |a Instructor's manual to accompany both, foundations of social research and conducting social research /  |c Nan Lin, Ronald S. Burt, and John C. Vaughn 
246 3 3 |a Foundations of social research 
246 3 3 |a Conducting social research 
260 |a New York :   |b McGraw Hill,   |c c1976 
300 |a 76 p. 
650 0 0 |a Sociology  |x Research. 
700 1 |a Burt, Ronald S. 
700 0 |a Vaughn, John C. 
852 |a INST  |b LESVOS  |e 20000831  |h 301.01 LIN  |p 005100023558  |q 005100023558  |t BK  |y 0 
901 |a BIBL1-2000-2 
909 |a Λ  |b 076558 
970 |z 2000/08/ΣΟΦΙΑ